00861nam a2200181 a 4500001001000000003000900010005001700019007000300036008004100039040002500080082001500105245037900120260006600499300002000565650002800585650003900613650002700652000013609DO-SdBNP20240412074239.0ta091126s1957 dr r 000 s spa d aDO-SdBNPbspacBNPHU axxxxbxxxx00aDiscurso pronunciado por el presidente del senado y de la asamblea nacional, licenciado Porfirio Herrera, el 16 de agosto de 1957, en el acto de recibir el juramento de sus excelencias, el general Hector B. Trujillo Molina y doctor Joaquin Balaguer, como presidente y vicepresidente de la República Dominicana, respectivamente para el período de gobierno de 1957 a 1962. aCiudad Trujillo, República Dominicana:aArte y Cine,c1957. a16 p. ;c23 cm.14aDiscusos presidenciales14aEleccioneszRepública Dominicana10aLiteratura dominicana.